[Event "32.Schlosspark-Open"]
[Site "Wiesbaden-Biebrich"]
[Date "2023.08.27"]
[Round "7.57"]
[White "Ivkin, Michael"]
[Black "Müller, Jens"]
[Result "1/2-1/2"]
[WhiteElo "1818"]
[BlackElo "1427"]
[PlyCount "40"]
[EventDate "2023.??.??"]
[WhiteTeam "Hamburg"]
[BlackTeam "SV 1920 Hofheim"]

1. d4 Nf6 2. Nf3 d5 3. e3 b6 4. c4 e6 5. Ne5 Be7 6. Qa4+ Bd7 7. Nxd7 Qxd7 8. Qc2 O-O 9. Nc3 c5 10. dxc5 Bxc5 11. Bd2 Nc6 12. O-O-O dxc4 13. Na4 Be7 14. Bb4 Qb7 15. Bxe7 Qxe7 16. Bxc4 Nb4 17. Qe2 Rac8 18. Nc3 Qc5 19. Rd4 b5 20. Bb3 Nbd5 1/2-1/2

[Event "32.Schlosspark-Open"]
[Site "Wiesbaden-Biebrich"]
[Date "2023.08.27"]
[Round "7.58"]
[White "Meaubert, Thomas"]
[Black "Neininger, Sarah"]
[Result "1/2-1/2"]
[WhiteElo "1788"]
[BlackElo "1494"]
[PlyCount "49"]
[EventDate "2023.??.??"]
[WhiteTeam "SC Flörsheim 1921"]
[BlackTeam "VSG 1880 Offenbach"]

1. c4 e6 2. Nc3 d5 3. e3 Nf6 4. Nf3 Be7 5. b3 Nbd7 6. Bb2 b6 7. cxd5 exd5 8. Bb5 Bb7 9. Ne5 O-O 10. Nc6 Qe8 11. Nxe7+ Qxe7 12. d4 c6 13. Bd3 c5 14. Ne2 Ne4 15. O-O Rfe8 16. Ng3 Ndf6 17. Rc1 Rac8 18. Qe2 Nxg3 19. hxg3 Ne4 20. Qg4 Nf6 21. Qf4 Ne4 22. Rfe1 Qg5 23. Bxe4 Qxf4 24. Bxh7+ Kxh7 25. gxf4 1/2-1/2

[Event "32.Schlosspark-Open"]
[Site "Wiesbaden-Biebrich"]
[Date "2023.08.27"]
[Round "7.59"]
[White "Meding, Olaf"]
[Black "Manasek, Martin"]
[Result "1-0"]
[WhiteElo "1770"]
[BlackElo "1519"]
[PlyCount "101"]
[EventDate "2023.??.??"]
[WhiteTeam "Sfr.Mainz 1928"]
[BlackTeam "SC Flörsheim 1921"]

1. d4 d5 2. Bf4 Nf6 3. e3 e6 4. Nd2 Be7 5. c3 O-O 6. Bd3 c5 7. Ngf3 Nc6 8. Ne5 Bd6 9. h4 Rb8 10. g4 cxd4 11. exd4 Bxe5 12. dxe5 Ne8 13. Nf3 f6 14. exf6 Nxf6 15. Bxb8 Nxb8 16. Ne5 Qb6 17. Qd2 Na6 18. O-O-O Nc5 19. f3 Qc7 20. Rhe1 a6 21. Bc2 b5 22. Kb1 a5 23. Qd4 Ne8 24. g5 Nd6 25. b4 axb4 26. cxb4 Na6 27. Qd3 g6 28. a3 Nc4 29. Nxc4 bxc4 30. Qe3 Qb7 31. Ka2 Qa8 32. Rb1 Bd7 33. f4 Rb8 34. Qc3 Rf8 35. Qe5 Qb7 36. Bd1 Rf5 37. Qd6 Qc8 38. Bg4 Nc7 39. Bxf5 gxf5 40. h5 Nb5 41. Qe5 Qa8 42. Re3 d4 43. h6 Qf8 44. Rg3 Nc3+ 45. Rxc3 dxc3 46. Qxc3 Bc6 47. b5 Bd5 48. b6 Qf7 49. Rd1 Qb7 50. Rxd5 exd5 51. Qg7+ 1-0

[Event "32.Schlosspark-Open"]
[Site "Wiesbaden-Biebrich"]
[Date "2023.08.27"]
[Round "7.60"]
[White "Eckert, Michael"]
[Black "Leitzig, Reamonn Franky James"]
[Result "0-1"]
[WhiteElo "1570"]
[BlackElo "1468"]
[PlyCount "74"]
[EventDate "2023.??.??"]
[WhiteTeam "SK Herborn 1946"]
[BlackTeam "SV 1934 Ffm-Griesheim"]

1. c4 c5 2. Nf3 Nc6 3. g3 g6 4. Bg2 Bg7 5. Nc3 e5 6. O-O Nge7 7. Rb1 d6 8. a3 a5 9. e3 O-O 10. d4 cxd4 11. exd4 exd4 12. Nb5 Bf5 13. Ra1 d5 14. cxd5 Qxd5 15. Nc7 Qd7 16. Nxa8 Rxa8 17. Nh4 Be6 18. Bd2 a4 19. Rc1 Bb3 20. Qe2 d3 21. Qe3 Bxb2 22. Rc3 Rd8 23. Rxb3 axb3 24. Rb1 Bd4 25. Qf4 b2 26. Nf3 Bg7 27. Qc4 Nf5 28. Qb3 Rc8 29. Bf1 Rd8 30. Rd1 Qd5 31. Qxd5 Rxd5 32. Ne1 Ne5 33. Bb4 d2 34. Ng2 Nf3+ 35. Kh1 b1=Q 36. Rxb1 d1=Q 37. Rxd1 Rxd1 0-1

[Event "32.Schlosspark-Open"]
[Site "Wiesbaden-Biebrich"]
[Date "2023.08.27"]
[Round "7.61"]
[White "Brauch, Manfred"]
[Black "Shanawaz Thabrez, Shahzaib"]
[Result "1/2-1/2"]
[WhiteElo "1750"]
[BlackElo "1312"]
[PlyCount "30"]
[EventDate "2023.??.??"]
[WhiteTeam "SG Pieroth/Burg Layen"]
[BlackTeam "SK Langen"]

1. d4 Nf6 2. Nd2 e5 3. dxe5 Ng4 4. Ngf3 Nc6 5. Nc4 Bc5 6. e3 Qe7 7. a3 a5 8. a4 b6 9. Bd2 Bb7 10. Bc3 Ba6 11. Be2 O-O 12. O-O Rfd8 13. Nd4 Bxc4 14. Bxc4 Ncxe5 15. Be2 Nf6 1/2-1/2

[Event "32.Schlosspark-Open"]
[Site "Wiesbaden-Biebrich"]
[Date "2023.08.27"]
[Round "7.62"]
[White "Spreer, Lutz"]
[Black "Schmid, Leon"]
[Result "1-0"]
[WhiteElo "1560"]
[BlackElo "1623"]
[PlyCount "59"]
[EventDate "2023.??.??"]
[WhiteTeam "Erster Burgstädter SK 19"]
[BlackTeam "Sfr.Heidesheim"]

1. e4 c5 2. Nc3 Nc6 3. f4 g6 4. Nf3 Bg7 5. Bc4 e6 6. O-O Nge7 7. d3 O-O 8. e5 a6 9. a4 b6 10. Ne4 Qc7 11. Qe1 f6 12. exf6 Bxf6 13. Nxf6+ Rxf6 14. Qh4 Rf7 15. Ng5 Nf5 16. Qh3 Rg7 17. Re1 Nfd4 18. Bb3 Nxb3 19. cxb3 Nd4 20. Bd2 Nc2 21. Bc3 Qxf4 22. Qh6 Nd4 23. Re4 Qc7 24. Rf1 Bb7 25. Ref4 Re8 26. Rf7 Qe5 27. R7f2 a5 28. Nxh7 Qd6 29. Nf6+ Kf7 30. Ne4+ 1-0

[Event "32.Schlosspark-Open"]
[Site "Wiesbaden-Biebrich"]
[Date "2023.08.27"]
[Round "7.63"]
[White "Potgieter, Edward"]
[Black "Schmitz, Bernhard Hubert"]
[Result "1-0"]
[WhiteElo "1719"]
[BlackElo "1387"]
[PlyCount "65"]
[EventDate "2023.??.??"]
[WhiteTeam "JNW Chess Club"]
[BlackTeam "Vorw.Orient Mainz"]

1. e4 c5 2. Nf3 d6 3. d4 cxd4 4. Nxd4 a6 5. Nc3 g6 6. Be3 Bg7 7. Qd2 b5 8. a4 bxa4 9. Rxa4 Nf6 10. Bd3 Bb7 11. O-O O-O 12. Rfa1 Ng4 13. Nb3 Ne5 14. Na5 Bc8 15. Nd5 Nbd7 16. f4 e6 17. fxe5 exd5 18. Nc6 Qc7 19. Ne7+ Kh8 20. Nxd5 Qb8 21. Rb4 Bb7 22. exd6 a5 23. Rb5 a4 24. Nc3 Ne5 25. Be2 Qc8 26. Bd4 Nc6 27. Bxg7+ Kxg7 28. Rxa4 Rxa4 29. Nxa4 Ba6 30. Rc5 Bxe2 31. Qxe2 Qd7 32. Qd3 Nb4 33. Qd4+ 1-0

[Event "32.Schlosspark-Open"]
[Site "Wiesbaden-Biebrich"]
[Date "2023.08.27"]
[Round "7.64"]
[White "Ahrends, Norbert"]
[Black "Bartsch, Marius"]
[Result "1-0"]
[WhiteElo "1933"]
[BlackElo "1591"]
[PlyCount "67"]
[EventDate "2023.??.??"]
[WhiteTeam "SK 1980 Gernsheim"]
[BlackTeam "Wiesbadener SV 1885"]

1. d4 Nf6 2. c4 e6 3. Nc3 Bb4 4. Qc2 O-O 5. a3 Bxc3+ 6. Qxc3 Ne4 7. Qc2 f5 8. Nf3 b6 9. g3 Bb7 10. Bg2 Nc6 11. O-O d6 12. b3 Ne7 13. Ng5 Nxg5 14. Bxb7 Rb8 15. Bg2 Nf7 16. Bb2 Qd7 17. b4 Ng6 18. a4 c5 19. dxc5 bxc5 20. b5 f4 21. Rad1 Ng5 22. h4 f3 23. hxg5 fxg2 24. Kxg2 Rf5 25. Bc1 Rbf8 26. f4 e5 27. e4 Nxf4+ 28. gxf4 Rxg5+ 29. fxg5 Qg4+ 30. Kh1 Rf3 31. Rxf3 Qxf3+ 32. Kg1 Qg4+ 33. Kf1 Qf3+ 34. Ke1 1-0

[Event "32.Schlosspark-Open"]
[Site "Wiesbaden-Biebrich"]
[Date "2023.08.27"]
[Round "7.65"]
[White "Heitmann, Dirk"]
[Black "Busch, Malte"]
[Result "1-0"]
[WhiteElo "1554"]
[BlackElo "1825"]
[PlyCount "61"]
[EventDate "2023.??.??"]
[WhiteTeam "SVG Eppstein 1932"]
[BlackTeam "SC 1979 Hattersheim"]

1. Nf3 d6 2. d4 Nf6 3. g3 c6 4. Bg2 Nbd7 5. O-O e5 6. dxe5 dxe5 7. c4 Bc5 8. Nc3 a5 9. Qc2 O-O 10. Rd1 Qc7 11. b3 Re8 12. e3 Nf8 13. Bb2 Ng6 14. h3 h5 15. Ng5 Qe7 16. Nge4 Bf5 17. Nxf6+ Qxf6 18. Ne4 Bxe4 19. Bxe4 Nf8 20. h4 g5 21. hxg5 Qxg5 22. Bf5 h4 23. g4 f6 24. Kg2 Re7 25. Bc1 e4 26. Qe2 Rae8 27. Kh3 Rg7 28. a3 Re5 29. Bc8 Ne6 30. Bb2 Rf5 31. Bxe6+ 1-0

[Event "32.Schlosspark-Open"]
[Site "Wiesbaden-Biebrich"]
[Date "2023.08.27"]
[Round "7.66"]
[White "Gerber, Ingo"]
[Black "Stegner, Marco"]
[Result "0-1"]
[WhiteElo "1533"]
[BlackElo "1824"]
[PlyCount "50"]
[EventDate "2023.??.??"]
[WhiteTeam "Sfr.Mainz 1928"]
[BlackTeam "SC Landskrone"]

1. d4 g6 2. Bf4 Bg7 3. Nf3 d6 4. e3 Nf6 5. Nbd2 O-O 6. c3 Nfd7 7. Bc4 e5 8. Bg5 Qe8 9. dxe5 Nxe5 10. Nxe5 Qxe5 11. Nf3 Qc5 12. Qd5 Qb6 13. Qd2 Bg4 14. Nd4 Qc5 15. h3 Bd7 16. Bxf7+ Rxf7 17. Bh4 Nc6 18. O-O Raf8 19. Rac1 Qh5 20. Bg3 Be5 21. Nxc6 Bxc6 22. Bxe5 Qxe5 23. Qd4 Qg5 24. Qg4 Qd5 25. c4 Qd2 0-1

[Event "32.Schlosspark-Open"]
[Site "Wiesbaden-Biebrich"]
[Date "2023.08.27"]
[Round "7.67"]
[White "Machwirth, Ernst"]
[Black "Kähm, Kevin"]
[Result "0-1"]
[WhiteElo "1410"]
[BlackElo "1682"]
[PlyCount "123"]
[EventDate "2023.??.??"]
[WhiteTeam "Sfr Stiller Zug Wiesbaden"]
[BlackTeam "SK 1959 Bischofsheim"]

1. e4 e6 2. Nc3 d5 3. exd5 exd5 4. d4 Nf6 5. Nf3 Bb4 6. Bd2 O-O 7. Be2 Re8 8. O-O Bxc3 9. Bxc3 Bg4 10. Re1 Nbd7 11. Bd2 c6 12. c3 Qc7 13. h3 Bh5 14. Be3 Ne4 15. Nd2 Bxe2 16. Rxe2 Ndf6 17. Nf3 Re6 18. Qd3 Rae8 19. Rae1 Qa5 20. a3 Nd7 21. Ng5 Rg6 22. Nxe4 dxe4 23. Qd2 Qh5 24. Kf1 Ree6 25. Bf4 Qd5 26. Qe3 f5 27. Rc1 b5 28. Rd2 Nb6 29. g3 Nc4 30. Qe1 Nxd2+ 31. Qxd2 e3 32. Bxe3 Qh1+ 33. Ke2 Qxh3 34. Kd1 Qh1+ 35. Kc2 Qe4+ 36. Kb3 a5 37. Ka2 Rxg3 38. fxg3 Qxe3 39. Qc2 g6 40. Rd1 Qxg3 41. d5 cxd5 42. Rxd5 Qc7 43. Rd2 a4 44. Qd1 Qc4+ 45. Kb1 Qe4+ 46. Ka2 Re7 47. Rd8+ Kg7 48. Qc1 Qe6+ 49. Kb1 Qe1 50. Rd1 Qe4+ 51. Ka2 h5 52. Qg5 Qe2 53. Rd4 Qe6+ 54. Kb1 Qf6 55. Qd2 Rf7 56. Rd6 Qe5 57. Rd5 Qe4+ 58. Ka2 f4 59. Rd4 Qe6+ 60. Kb1 f3 61. Rd6 Qxd6 62. Qxd6 0-1

[Event "32.Schlosspark-Open"]
[Site "Wiesbaden-Biebrich"]
[Date "2023.08.27"]
[Round "7.68"]
[White "Michalski, Uwe"]
[Black "Traut, Stefan"]
[Result "1-0"]
[WhiteElo "1667"]
[BlackElo "1543"]
[PlyCount "63"]
[EventDate "2023.??.??"]
[WhiteTeam "Sfr.Mainz 1928"]
[BlackTeam "SF Heusenstamm"]

1. e4 d5 2. exd5 Qxd5 3. Nc3 Qa5 4. b4 Qb6 5. a4 Bf5 6. Bb5+ c6 7. a5 Qd8 8. Bc4 e6 9. b5 Nf6 10. Nf3 Be7 11. O-O O-O 12. Bb2 h6 13. d3 c5 14. Ne2 Nbd7 15. Ng3 Bh7 16. Qd2 Rc8 17. Rae1 Qc7 18. Ne5 Nxe5 19. Bxe5 Qd7 20. Re2 Rfd8 21. Rfe1 Ng4 22. Bf4 Bd6 23. Rxe6 Bxf4 24. Qxf4 Nf6 25. Re7 Qd6 26. Qxd6 Rxd6 27. Rxf7 Kh8 28. Ree7 Bg8 29. Rxg7 Bxc4 30. dxc4 Rd4 31. Rgf7 Ne8 32. Rf8# 1-0

[Event "32.Schlosspark-Open"]
[Site "Wiesbaden-Biebrich"]
[Date "2023.08.27"]
[Round "7.69"]
[White "Fang, Borui"]
[Black "Dohmes, Swidbert"]
[Result "0-1"]
[WhiteElo "1415"]
[BlackElo "1733"]
[PlyCount "80"]
[EventDate "2023.??.??"]
[WhiteTeam "SV Oberursel"]
[BlackTeam "SV 1920 Hofheim"]

1. e4 e5 2. Nc3 Nc6 3. Bc4 Nf6 4. d3 Be7 5. f4 d6 6. Nf3 Na5 7. Bb3 Nxb3 8. axb3 exf4 9. Bxf4 O-O 10. O-O Bg4 11. h3 Bh5 12. Ne2 Qd7 13. Ng3 a6 14. Nxh5 Nxh5 15. Be3 Qe6 16. Nd4 Qg6 17. g4 Rae8 18. Kh2 Nf6 19. Nf5 Nd7 20. Nxe7+ Rxe7 21. Qd2 Qe6 22. Rf2 d5 23. Rf4 Qd6 24. Kg2 dxe4 25. Rxe4 Rxe4 26. dxe4 Qc6 27. Ra4 Ne5 28. Rd4 Re8 29. Kg3 Qf6 30. Qf2 Qc6 31. c3 h6 32. Qd2 Qf6 33. Qf2 Qe6 34. Qf5 Qxb3 35. Rb4 Qd1 36. Rxb7 Qd6 37. Bd4 Ng6+ 38. e5 Nxe5 39. Bxe5 Rxe5 40. Rb8+ Re8+ 0-1

[Event "32.Schlosspark-Open"]
[Site "Wiesbaden-Biebrich"]
[Date "2023.08.27"]
[Round "7.70"]
[White "Richter, Johanna"]
[Black "Herrmann, Gerhard"]
[Result "1-0"]
[WhiteElo "1546"]
[BlackElo "1477"]
[PlyCount "93"]
[EventDate "2023.??.??"]
[WhiteTeam "Sfr.Heidesheim"]
[BlackTeam "SC Königsspringer Alzenau e.V"]

1. d4 d5 2. c4 e6 3. Nc3 Nf6 4. cxd5 Nxd5 5. e4 Nxc3 6. bxc3 Be7 7. Nf3 O-O 8. Be2 b6 9. O-O Bb7 10. Qc2 Nd7 11. Rd1 Qc8 12. Bg5 Bxg5 13. Nxg5 h6 14. Nf3 c5 15. d5 exd5 16. exd5 Nf6 17. c4 Re8 18. Bd3 Qd7 19. Rac1 Qd6 20. Re1 Rxe1+ 21. Rxe1 Re8 22. Rxe8+ Nxe8 23. Qa4 Qb8 24. Qd7 Nf6 25. Qe7 Ba8 26. d6 Bxf3 27. gxf3 Qf8 28. Bc2 Qxe7 29. dxe7 g5 30. Ba4 Kg7 31. e8=Q Nxe8 32. Bxe8 f5 33. Kf1 f4 34. Kg2 Kf8 35. Bc6 Ke7 36. Kh3 h5 37. Kg2 Kd6 38. Be8 h4 39. Kh3 Ke5 40. Kg4 Kf6 41. h3 a6 42. a4 Ke5 43. Kxg5 Kd4 44. Bf7 b5 45. cxb5 axb5 46. axb5 c4 47. Bxc4 1-0

[Event "32.Schlosspark-Open"]
[Site "Wiesbaden-Biebrich"]
[Date "2023.08.27"]
[Round "7.71"]
[White "Metzner, Luis"]
[Black "Papadopoulos, Kyriakos"]
[Result "1-0"]
[WhiteElo "1679"]
[BlackElo "1411"]
[PlyCount "47"]
[EventDate "2023.??.??"]
[WhiteTeam "SV Lahn Limburg"]
[BlackTeam "VSG 1880 Offenbach"]

1. d4 d5 2. c4 c6 3. Nc3 Nf6 4. Nf3 Bf5 5. cxd5 cxd5 6. Qb3 Qc7 7. Nxd5 Nxd5 8. Qxd5 e6 9. Qb3 Na6 10. Bd2 Bd6 11. e3 Nb8 12. Bb5+ Nd7 13. Rc1 Qd8 14. Bb4 Qe7 15. Bxd6 Qxd6 16. Ne5 Rd8 17. Nxd7 Rxd7 18. Rc8+ Ke7 19. Bxd7 Rxc8 20. Bxc8 Kf6 21. O-O Qa6 22. Bxb7 Qe2 23. Bf3 Qa6 24. e4 1-0

[Event "32.Schlosspark-Open"]
[Site "Wiesbaden-Biebrich"]
[Date "2023.08.27"]
[Round "7.72"]
[White "Drewes, Thomas"]
[Black "Joshi, Kanad"]
[Result "1/2-1/2"]
[WhiteElo "1641"]
[BlackElo "1370"]
[PlyCount "38"]
[EventDate "2023.??.??"]
[WhiteTeam "SV Würzburg von 1865 e.V."]
[BlackTeam "SV Oberursel"]

1. d4 d5 2. Nf3 Nf6 3. c4 e6 4. Nc3 Be7 5. Bg5 h6 6. Bh4 O-O 7. e3 b6 8. cxd5 Nxd5 9. Bxe7 Qxe7 10. Nxd5 exd5 11. Qb3 Bb7 12. Be2 Nd7 13. O-O Rab8 14. Rac1 c5 15. Qa3 a6 16. b3 f5 17. Rfe1 Rfd8 18. Bd3 g6 19. Qb2 Qd6 1/2-1/2

[Event "32.Schlosspark-Open"]
[Site "Wiesbaden-Biebrich"]
[Date "2023.08.27"]
[Round "7.73"]
[White "Moissl, Felix"]
[Black "Boscher, Hans"]
[Result "1/2-1/2"]
[WhiteElo "1347"]
[BlackElo "1634"]
[PlyCount "25"]
[EventDate "2023.??.??"]
[WhiteTeam "SJ Herborn 1998"]
[BlackTeam "SC Bad Soden"]

1. e4 e6 2. d4 d5 3. exd5 exd5 4. Nf3 Bd6 5. Bd3 Nf6 6. O-O O-O 7. Bg5 Bg4 8. Nbd2 Nbd7 9. Re1 c6 10. c3 Qc7 11. Qc2 h6 12. Bh4 Rfe8 13. h3 1/2-1/2

[Event "32.Schlosspark-Open"]
[Site "Wiesbaden-Biebrich"]
[Date "2023.08.27"]
[Round "7.74"]
[White "Sefeloge, Michael"]
[Black "Barth, Horst"]
[Result "1-0"]
[WhiteElo "1625"]
[BlackElo "1242"]
[PlyCount "147"]
[EventDate "2023.??.??"]
[WhiteTeam "SV Turm Lahnstein"]
[BlackTeam "Sfr.Mainz 1928"]

1. d4 Nf6 2. c4 e6 3. Nc3 Bb4 4. Bd2 O-O 5. Qc2 Nc6 6. e3 Ne7 7. a3 Bxc3 8. Bxc3 b6 9. Be2 Bb7 10. Bf3 Bxf3 11. Nxf3 h6 12. d5 Ng6 13. dxe6 dxe6 14. Rd1 Qe7 15. O-O c5 16. Rd2 Rfd8 17. Rfd1 Rxd2 18. Rxd2 Rd8 19. Rd3 Rxd3 20. Qxd3 e5 21. Qd2 Ne4 22. Qc2 Nxc3 23. Qxc3 e4 24. Ne1 Qd6 25. Qc2 Qe6 26. b3 Qe5 27. Qd1 Qe7 28. g3 Ne5 29. h3 Qf6 30. Kg2 Qe7 31. Qd5 Nd7 32. Qb7 a5 33. a4 Qd6 34. Qa8+ Qb8 35. Qxe4 Nf6 36. Qd3 Qa8+ 37. f3 Qb8 38. e4 Qc7 39. Nc2 Qd7 40. Qxd7 Nxd7 41. Ne3 Ne5 42. Nd5 Nd7 43. f4 f6 44. h4 Kf7 45. g4 g5 46. Kg3 Ke6 47. Ne3 gxf4+ 48. Kxf4 Ne5 49. Nd5 Nd7 50. h5 Ne5 51. Nxb6 Nd3+ 52. Ke3 Nc1 53. Nd5 Nxb3 54. Nf4+ Kf7 55. Ne2 Ke6 56. Ng3 Nd4 57. Kf4 Kf7 58. Nf5 Ne2+ 59. Ke3 Nc3 60. Nxh6+ Kf8 61. Nf5 Nxa4 62. h6 Kg8 63. Ne7+ Kh7 64. Nc6 Nb6 65. Nxa5 Kxh6 66. Kf4 Nd7 67. Kf5 Kg7 68. Nc6 Nb6 69. e5 fxe5 70. Nxe5 Nc8 71. Ke6 Nb6 72. Kd6 Na4 73. g5 Kg8 74. Nd7 1-0

[Event "32.Schlosspark-Open"]
[Site "Wiesbaden-Biebrich"]
[Date "2023.08.27"]
[Round "7.75"]
[White "Stojanoski, Stefan"]
[Black "Reiß, Peter"]
[Result "0-1"]
[WhiteElo "1162"]
[BlackElo "1594"]
[PlyCount "106"]
[EventDate "2023.??.??"]
[WhiteTeam "SAbt TuS Makkabi Ffm"]
[BlackTeam "SV Multatuli Ingelheim e.V."]

1. e4 c5 2. Nf3 d6 3. d4 cxd4 4. Nxd4 Nf6 5. Nc3 e6 6. Bc4 a6 7. Bb3 Be7 8. O-O b5 9. Re1 O-O 10. a4 b4 11. Nce2 Nxe4 12. c3 bxc3 13. Nxc3 Nxc3 14. bxc3 Qc7 15. Bd2 Nc6 16. Rc1 Nxd4 17. cxd4 Qd7 18. d5 e5 19. Ba5 Bd8 20. Bxd8 Rxd8 21. Rc3 Bb7 22. Qc2 Rac8 23. Rc1 Rxc3 24. Qxc3 Rc8 25. Qe1 Rxc1 26. Qxc1 Qc8 27. Qxc8+ Bxc8 28. f3 a5 29. Kf2 Kf8 30. Ke3 Ke7 31. g4 g6 32. Bc2 f5 33. gxf5 Bxf5 34. Bxf5 gxf5 35. f4 e4 36. Kd4 Kd8 37. Kc3 Kc7 38. Kc2 Kb6 39. Kc3 Kc5 40. Kc2 Kxd5 41. Kd2 Kd4 42. Kd1 Kd3 43. Ke1 e3 44. Kd1 d5 45. h4 d4 46. Ke1 Kc2 47. Kf1 d3 48. Ke1 d2+ 49. Kf1 d1=Q+ 50. Kg2 e2 51. Kg3 e1=Q+ 52. Kh3 Qg4+ 53. Kh2 Qeg1# 0-1

[Event "32.Schlosspark-Open"]
[Site "Wiesbaden-Biebrich"]
[Date "2023.08.27"]
[Round "7.76"]
[White "Launert, Martin"]
[Black "Schuering, Jonas"]
[Result "1-0"]
[WhiteElo "1870"]
[BlackElo "1451"]
[PlyCount "31"]
[EventDate "2023.??.??"]
[WhiteTeam "SF Eltville"]
[BlackTeam "Trier"]

1. e4 e5 2. Nf3 Nf6 3. Nc3 Bc5 4. h3 h5 5. d3 d6 6. Bg5 c6 7. Na4 Qa5+ 8. c3 Qd8 9. Nxc5 dxc5 10. Nxe5 Be6 11. Qf3 Nbd7 12. Nxd7 Bxd7 13. e5 Qe7 14. Qe2 O-O-O 15. exf6 Qxe2+ 16. Bxe2 1-0

[Event "32.Schlosspark-Open"]
[Site "Wiesbaden-Biebrich"]
[Date "2023.08.27"]
[Round "7.77"]
[White "Zeyen, Helmut"]
[Black "Wöhl, Torsten"]
[Result "1-0"]
[WhiteElo "1799"]
[BlackElo "1450"]
[PlyCount "109"]
[EventDate "2023.??.??"]
[WhiteTeam "Wiesbadener SV 1885"]
[BlackTeam "SC Groß-Zimmern"]

1. e4 e6 2. Qe2 Nc6 3. Nf3 Bc5 4. c3 a6 5. d4 Ba7 6. Bg5 Nce7 7. Nbd2 c5 8. Nc4 cxd4 9. Nd6+ Kf8 10. cxd4 h6 11. Bd2 Nc6 12. Bc3 Qc7 13. e5 Nge7 14. Qd2 Nd5 15. Bd3 Bb6 16. O-O Ba5 17. Rac1 Bxc3 18. bxc3 b5 19. c4 bxc4 20. Nxc4 Bb7 21. Nd6 Qa5 22. Rfd1 Qxd2 23. Rxd2 Rb8 24. Nxb7 Rxb7 25. Bxa6 Rb8 26. Bc4 Nce7 27. Bb3 g6 28. Rdc2 Kg7 29. Nd2 Nf5 30. Nf3 Nfe7 31. Bxd5 Nxd5 32. g3 Rb7 33. Nd2 Nb4 34. Rc7 Rxc7 35. Rxc7 Rd8 36. a3 Nd5 37. Rb7 Kf8 38. Ne4 Ke7 39. Nd6 Nc3 40. Kf1 Nd5 41. Ne4 f5 42. Nc5 f4 43. Kg2 fxg3 44. hxg3 Ke8 45. a4 Ne7 46. a5 Nc6 47. a6 Nxd4 48. a7 Nc6 49. Nxd7 Ra8 50. Rb8+ Rxb8 51. axb8=Q+ Nxb8 52. Nxb8 Kf7 53. Nc6 h5 54. g4 hxg4 55. Kg3 1-0

[Event "32.Schlosspark-Open"]
[Site "Wiesbaden-Biebrich"]
[Date "2023.08.27"]
[Round "7.78"]
[White "Meuer, Stephan"]
[Black "Rotärmel, Leonie"]
[Result "0-1"]
[WhiteElo "1268"]
[BlackElo "1489"]
[PlyCount "63"]
[EventDate "2023.??.??"]
[WhiteTeam "SV Turm Lahnstein"]
[BlackTeam "SK Bad Homburg 1927"]

1. e4 e6 2. d4 d5 3. exd5 exd5 4. Nc3 Nf6 5. Nf3 Bg4 6. h3 Bh5 7. Bb5+ c6 8. Be2 Bd6 9. Bg5 h6 10. Be3 Nbd7 11. Nd2 Bg6 12. Nf3 Ne4 13. Nd2 Ndf6 14. Ncxe4 Nxe4 15. Nf3 Qc7 16. Rg1 Bb4+ 17. Kf1 Bd6 18. c4 dxc4 19. Bxc4 Rd8 20. Rc1 Qe7 21. Be2 O-O 22. Qa4 a6 23. Qa5 Rfe8 24. Qe1 Ng3+ 25. fxg3 Qxe3 26. Rc3 Qe7 27. a3 Bxg3 28. Qd2 Bf4 29. Qd1 Be3 30. Rh1 Qf6 31. Ke1 Bxd4 32. Nxd4 0-1

[Event "32.Schlosspark-Open"]
[Site "Wiesbaden-Biebrich"]
[Date "2023.08.27"]
[Round "7.79"]
[White "Hafner, Hans-Peter"]
[Black "Strache, Rolf"]
[Result "0-1"]
[WhiteElo "1155"]
[BlackElo "1575"]
[PlyCount "48"]
[EventDate "2023.??.??"]
[WhiteTeam "Sfr.Mainz 1928"]
[BlackTeam "SK Herborn 1946"]

1. e4 c5 2. Nf3 d6 3. d4 cxd4 4. Nxd4 Nf6 5. Nc3 g6 6. Be2 Bg7 7. Be3 Bd7 8. O-O O-O 9. Qd2 Re8 10. Bh6 Bh8 11. f4 Nc6 12. f5 Nxd4 13. Qxd4 Ng4 14. Qd5 Nxh6 15. fxg6 hxg6 16. Rf4 Be6 17. Qg5 Bg7 18. Rh4 Qb6+ 19. Kh1 Qxb2 20. Rf1 Qxc3 21. Rxh6 Bxh6 22. Qxh6 Qg7 23. Qf4 Rac8 24. Bd1 Bxa2 0-1

[Event "32.Schlosspark-Open"]
[Site "Wiesbaden-Biebrich"]
[Date "2023.08.27"]
[Round "7.80"]
[White "Niedenthal, Robert"]
[Black "Hellmann, Alexander"]
[Result "0-1"]
[WhiteElo "1536"]
[BlackElo "1156"]
[PlyCount "103"]
[EventDate "2023.??.??"]
[WhiteTeam "SV 1920 Hofheim"]
[BlackTeam "SJ Herborn 1998"]

1. c4 c5 2. Nc3 Nf6 3. Nf3 d6 4. g3 Nc6 5. Bg2 Bf5 6. d3 g6 7. e4 Bg4 8. h3 Bd7 9. O-O Bg7 10. Nd5 Nxd5 11. cxd5 Ne5 12. Nxe5 Bxe5 13. Rb1 O-O 14. Bh6 Bg7 15. Bxg7 Kxg7 16. d4 Rc8 17. f4 Qb6 18. dxc5 Qxc5+ 19. Kh2 Bb5 20. Rf3 Qc2 21. Qd4+ Kg8 22. Qg1 Bd3 23. Rd1 Be2 24. Rff1 Bxf1 25. Rxf1 Qc5 26. Qh1 b6 27. e5 dxe5 28. fxe5 Qc2 29. e6 f6 30. Qg1 Rfd8 31. Rf2 Qc1 32. Rf1 Qxb2 33. Kh1 Rc2 34. Be4 Rc3 35. a4 f5 36. Rb1 Qe2 37. Re1 Qc4 38. Bg2 Rxg3 39. Qf2 Rc3 40. a5 Qc5 41. Qxc5 Rxc5 42. axb6 axb6 43. Rb1 b5 44. Kh2 Kg7 45. Kg3 g5 46. h4 h6 47. Rf1 Rc3+ 48. Rf3 Rxf3+ 49. Bxf3 Kf6 50. hxg5+ hxg5 51. Bg2 Ke5 52. Kf2 0-1

[Event "32.Schlosspark-Open"]
[Site "Wiesbaden-Biebrich"]
[Date "2023.08.27"]
[Round "7.81"]
[White "Fleck, Peter"]
[Black "Busch, Günther"]
[Result "1/2-1/2"]
[WhiteElo "1240"]
[BlackElo "1492"]
[PlyCount "56"]
[EventDate "2023.??.??"]
[WhiteTeam "SC Flörsheim 1921"]
[BlackTeam "Sfr Stiller Zug Wiesbaden"]

1. e4 d6 2. Nf3 g6 3. c3 Bg7 4. d4 e6 5. Nbd2 a6 6. Bd3 Ne7 7. O-O O-O 8. Nb3 b6 9. Be3 h6 10. Qd2 Nd7 11. Bxh6 Nf6 12. Bxg7 Kxg7 13. Rae1 Bb7 14. Re3 Rh8 15. Ng5 Ng4 16. Rh3 Rxh3 17. gxh3 Nf6 18. Re1 Nh7 19. h4 Qh8 20. Qf4 Nxg5 21. Qxg5 Ng8 22. Re3 Qh6 23. Qg3 Nf6 24. f3 Rh8 25. e5 Ne8 26. Be4 d5 27. Bd3 Qxh4 28. Qxh4 Rxh4 1/2-1/2

[Event "32.Schlosspark-Open"]
[Site "Wiesbaden-Biebrich"]
[Date "2023.08.27"]
[Round "7.83"]
[White "Chen, Lilly"]
[Black "Will, Elina"]
[Result "0-1"]
[WhiteElo "920"]
[BlackElo "1295"]
[PlyCount "74"]
[EventDate "2023.??.??"]
[WhiteTeam "Sfr Stiller Zug Wiesbaden"]
[BlackTeam "TuS Makkabi Wiesbaden"]

1. Nf3 d5 2. e3 c5 3. c4 e6 4. Be2 Nc6 5. O-O Nf6 6. b3 Be7 7. Ba3 b6 8. d4 Bb7 9. Nc3 O-O 10. h3 h6 11. Na4 Qc7 12. dxc5 bxc5 13. Bxc5 Rad8 14. Qc2 Bxc5 15. Nxc5 Nb4 16. Nxe6 fxe6 17. Qc3 Nc6 18. cxd5 exd5 19. Nd4 Qe5 20. Rfe1 Nxd4 21. exd4 Qd6 22. Bg4 Nxg4 23. hxg4 Qf4 24. Re7 Qxf2+ 25. Kh1 Qh4+ 26. Kg1 Qxe7 27. Re1 Qh4 28. Qb4 Bc8 29. Qd2 Qxg4 30. Re3 Rf4 31. Qd3 Rxd4 32. Qc3 Rd1+ 33. Kh2 d4 34. Qc4+ Kh8 35. Rg3 Qh4+ 36. Rh3 Bxh3 37. gxh3 Qf2# 0-1